000 00291nam a2200121Ia 4500
008 191201s2017 xx 000 0 und d
100 _aVEERARAJAN, T
245 0 _aProbability, Statistics and Random Processes
260 _bTMH
_c2017
300 _a595
650 _aApplied
942 _2ddc
_cBK
999 _c7118
_d7118